[Event "aut_chT04"]
[Site "Fuerstenfeld"]
[Date "2005.03.19"]
[Round "10"]
[Board "4"]
[White "Tabernig, Bernhard"]
[Black "Baumegger, Siegfried"]
[Result "1/2-1/2"]
[WhiteElo "2344"]
[BlackElo "2417"]
[PlyCount "87"]

1.d4 Nf6 2.c4 e6 3.Nc3 Bb4 4.Qc2 c5 5.dxc5 O-O 6.Bg5 Na6 7.Nf3 Nxc5 8.a3 Bxc3+
9.Qxc3 b6 10.Bxf6 Qxf6 11.Qxf6 gxf6 12.Nd2 a5 13.b3 Bb7 14.e3 d5 15.Be2 Rfc8
16.O-O a4 17.bxa4 Ba6 18.Rfc1 dxc4 19.Bxc4 Bxc4 20.Rxc4 Rxa4 21.g3 Rxc4 22.Nxc4
Na4 23.Nd6 Rc2 24.Nb5 Rb2 25.Nd4 Nc5 26.f3 Na4 27.g4 Nc3 28.Rc1 Nd5 29.Rc2 Rb1+
30.Kf2 Ra1 31.e4 Nf4 32.Ke3 Rxa3+ 33.Kxf4 e5+ 34.Kf5 exd4 35.f4 Kg7 36.Rc6 Ra5+
37.e5 fxe5 38.fxe5 Rd5 39.Rxb6 d3 40.Rb1 d2 41.Rd1 Rd4 42.h4 h6 43.h5 Rd8 44.Ke4

[Event "aut_chT04"]
[Site "Fuerstenfeld"]
[Date "2005.03.19"]
[Round "10"]
[Board "5"]
[White "Kuba, Guenter"]
[Black "Kroell, Johannes"]
[Result "1-0"]
[WhiteElo "2364"]
[BlackElo "2234"]
[PlyCount "105"]

1.e4 g6 2.d4 Bg7 3.Nc3 d6 4.Be3 Nc6 5.Qd2 e5 6.Nge2 f5 7.exf5 Bxf5 8.dxe5 dxe5
9.O-O-O Qxd2+ 10.Rxd2 Nge7 11.Ng3 Nd4 12.Nb5 Nxb5 13.Bxb5+ c6 14.Bc4 b5 15.Bb3
a5 16.a3 a4 17.Ba2 Rd8 18.Rhd1 Rxd2 19.Rxd2 h5 20.Rd6 Bd7 21.Ne4 Rf8 22.Be6 Bxe6
23.Rxe6 Kd7 24.Nc5+ Ke8 25.Bg5 Rf7 26.Ne4 Bf8 27.Bxe7 Bxe7 28.Rxc6 g5 29.Re6 Rf5
30.Nd6+ Kd7 31.Nxf5 Kxe6 32.Ng7+ Kd5 33.Nxh5 Bc5 34.Nf6+ Kd4 35.Kd2 Be7 36.Ng4
e4 37.Ne3 Ke5 38.Kc3 Bc5 39.b3 Kf4 40.Nd5+ Ke5 41.Ne3 Kf4 42.bxa4 bxa4 43.Nd5+
Ke5 44.Kc4 Bxf2 45.Nc3 Bg1 46.h3 Kf4 47.Kd5 Kg3 48.Ne2+ Kxg2 49.Nxg1 e3 50.Ne2
Kf2 51.Nd4 e2 52.Nxe2 Kxe2 53.c4

[Event "aut_chT04"]
[Site "Fuerstenfeld"]
[Date "2005.03.19"]
[Round "10"]
[Board "6"]
[White "Schiestl, Josef"]
[Black "Wach, Markus"]
[Result "0-1"]
[WhiteElo "2139"]
[BlackElo "2369"]
[PlyCount "72"]

1.e4 c5 2.Nf3 e6 3.d4 cxd4 4.Nxd4 a6 5.Nc3 Qc7 6.Be3 Bb4 7.Qd2 Nf6 8.f3 d5
9.Nde2 dxe4 10.a3 Ba5 11.fxe4 Nxe4 12.Qd4 Nxc3 13.Nxc3 e5 14.Qd2 Bxc3 15.bxc3
O-O 16.Bd3 Be6 17.O-O Nd7 18.a4 Rac8 19.Rab1 Nc5 20.Rb4 a5 21.Rh4 f5 22.Bc4 Qf7
23.Bxc5 Rxc5 24.Bb5 Qc7 25.c4 f4 26.Re1 b6 27.g3 Rd8 28.Qf2 Bxc4 29.gxf4 Bxb5
30.axb5 Rxc2 31.Re2 Rd1+ 32.Kg2 Qb7+ 33.Kh3 Rd3+ 34.Kg4 Qd7+ 35.Kg5 h6+ 36.Kh5
Qf5#

[Event "aut_chT04"]
[Site "Fuerstenfeld"]
[Date "2005.03.19"]
[Round "10"]
[Board "1"]
[White "Gyimesi, Zoltan"]
[Black "Rabiega, Robert"]
[Result "1-0"]
[WhiteElo "2602"]
[BlackElo "2539"]
[PlyCount "47"]

1.d4 d5 2.c4 Nc6 3.Nc3 dxc4 4.d5 Ne5 5.f4 Nd7 6.e4 Nb6 7.a4 a5 8.Be3 e6 9.Bxb6
cxb6 10.Bxc4 Bb4 11.Bb5+ Kf8 12.d6 Qxd6 13.Qf3 g6 14.Nge2 Kg7 15.O-O Ne7 16.Kh1
Nc6 17.Rad1 Qc7 18.Ng3 Bd7 19.f5 Rhf8 20.Qe3 f6 21.e5 Bxc3 22.Qxc3 fxe5 23.f6+
Kh8 24.f7

[Event "aut_chT04"]
[Site "Fuerstenfeld"]
[Date "2005.03.19"]
[Round "10"]
[Board "2"]
[White "Wells, Peter"]
[Black "Ftacnik, Lubomir"]
[Result "1/2-1/2"]
[WhiteElo "2519"]
[BlackElo "2539"]
[PlyCount "38"]

1.d4 Nf6 2.c4 g6 3.Nc3 d5 4.cxd5 Nxd5 5.e4 Nxc3 6.bxc3 Bg7 7.Nf3 c5 8.Rb1 O-O
9.Be2 Nc6 10.d5 Ne5 11.Nxe5 Bxe5 12.Qd2 Bg7 13.f4 e5 14.O-O exf4 15.Qxf4 Qe7
16.Bc4 b6 17.d6 Qe8 18.Bd5 Rb8 19.Qg3 Be6

[Event "aut_chT04"]
[Site "Fuerstenfeld"]
[Date "2005.03.19"]
[Round "10"]
[Board "3"]
[White "Babula, Vlastimil"]
[Black "Kotz, Heinz Peter"]
[Result "1/2-1/2"]
[WhiteElo "2566"]
[BlackElo "2347"]
[PlyCount "55"]

1.d4 Nf6 2.c4 g6 3.g3 Bg7 4.Bg2 O-O 5.Nc3 d6 6.e3 Nc6 7.Nge2 e5 8.O-O exd4
9.exd4 Bf5 10.b3 Qd7 11.Bb2 Rfe8 12.Qd2 h5 13.Rae1 Kh7 14.Nf4 a6 15.Nfd5 Nxd5
16.Nxd5 Rxe1 17.Rxe1 Re8 18.Rxe8 Qxe8 19.Nxc7 Qh8 20.Nxa6 Nxd4 21.Bxb7 Bc8
22.Bd5 Bxa6 23.Bxd4 Bxd4 24.Bxf7 Qe5 25.Bd5 Bc8 26.Kg2 Bf5 27.h4 Be4+ 28.Kh2

[Event "aut_chT04"]
[Site "Fuerstenfeld"]
[Date "2005.03.19"]
[Round "10"]
[Board "4"]
[White "Fahrner, Kurt"]
[Black "Stanec, Nikolaus"]
[Result "1/2-1/2"]
[WhiteElo "2339"]
[BlackElo "2566"]
[PlyCount "47"]

1.c4 Nf6 2.g3 c6 3.Nf3 d5 4.Bg2 dxc4 5.O-O e6 6.Na3 b5 7.Ne5 Qc7 8.d4 a6 9.b3
cxb3 10.Qxb3 Bd6 11.Bb2 O-O 12.Rac1 Bb7 13.f4 Qe7 14.Nac4 bxc4 15.Nxc4 Ne8 16.e4
Qc7 17.e5 Be7 18.Nb6 Nd7 19.Nxa8 Bxa8 20.f5 exf5 21.Rxf5 Nb6 22.Rf2 Qd8 23.Bxc6
Nd5 24.Ba3

[Event "aut_chT04"]
[Site "Fuerstenfeld"]
[Date "2005.03.19"]
[Round "10"]
[Board "5"]
[White "Weiss, Christian"]
[Black "Ebner, Hubert"]
[Result "1/2-1/2"]
[WhiteElo "2422"]
[BlackElo "2258"]
[PlyCount "177"]

1.c4 Nf6 2.Nc3 g6 3.g3 Bg7 4.Bg2 O-O 5.Nf3 d5 6.cxd5 Nxd5 7.O-O Nc6 8.Nxd5 Qxd5
9.d3 Qb5 10.h3 a5 11.a4 Qb4 12.Rb1 Be6 13.b3 Rfd8 14.Be3 Bd5 15.Qc1 Rac8 16.Bc5
Qc3 17.Qxc3 Bxc3 18.Rfc1 Bf6 19.Nd2 Nd4 20.Bxd4 Bxd4 21.Bxd5 Rxd5 22.Rc4 Be5
23.b4 b5 24.axb5 Rxb5 25.bxa5 Rxa5 26.Rbc1 Ra2 27.R1c2 Rca8 28.Nf3 Bd6 29.Nd4
Rxc2 30.Rxc2 Ra5 31.Kg2 e5 32.Nb3 Ra6 33.Kf3 f5 34.e3 Kf7 35.Ke2 Ke6 36.f4 Ra3
37.Rb2 h6 38.Nd2 g5 39.fxg5 hxg5 40.g4 Ra1 41.gxf5+ Kxf5 42.Ne4 g4 43.hxg4+ Kxg4
44.Kf2 Ra3 45.Kg2 Kf5 46.Rd2 Bb4 47.Rd1 Be7 48.Kf3 Bd6 49.Ke2 Ra2+ 50.Rd2 Ra1
51.Rc2 Ra3 52.Rc3 Ra1 53.Nf2 Rb1 54.Kf3 Rf1 55.Rc4 Ke6 56.Rh4 Kd5 57.Rc4 Bc5
58.Ke2 Ra1 59.Ne4 Bd6 60.Ng5 Be7 61.Ne4 Bd6 62.Nc3+ Ke6 63.Rh4 Kd7 64.Kf3 Ra3
65.Rc4 Ra1 66.Nd5 Rh1 67.Rc3 Rh3+ 68.Ke4 Rh4+ 69.Kf5 Rh5+ 70.Kg6 Rh3 71.Kf7 Rh7+
72.Kg6 Rh3 73.Kf5 Rh5+ 74.Kg4 Rh1 75.Kf3 Rh3+ 76.Kg2 Rh8 77.Rc1 Rg8+ 78.Kf3 Rf8+
79.Ke4 Rh8 80.Rg1 Rh4+ 81.Kf3 Rh3+ 82.Kg2 Rh8 83.Kf2 Kc6 84.Nc3 Ra8 85.Kf3 Rf8+
86.Ke4 Rh8 87.Rg4 Rh2 88.Nd5 Rh6 89.Nc3

[Event "aut_chT04"]
[Site "Fuerstenfeld"]
[Date "2005.03.19"]
[Round "10"]
[Board "6"]
[White "Kastner, Walter"]
[Black "Knoll, Hermann"]
[Result "1-0"]
[WhiteElo "2240"]
[BlackElo "2356"]
[PlyCount "51"]

1.Nf3 d5 2.c4 c6 3.e3 Nf6 4.d4 a6 5.Bd3 Bg4 6.Nbd2 Nbd7 7.O-O e6 8.b3 Bd6 9.Bb2
b5 10.e4 bxc4 11.bxc4 Bxh2+ 12.Kxh2 Qb8+ 13.e5 Bxf3 14.Nxf3 Ng4+ 15.Kh3 Qxb2
16.Kxg4 h5+ 17.Kg3 dxc4 18.Bxc4 Qb4 19.Qb3 Qe7 20.Qe3 h4+ 21.Kh2 Nb6 22.Bb3 Rh5
23.Rac1 g5 24.Nd2 g4 25.Ne4 Nd7 26.Kg1

[Event "aut_chT04"]
[Site "Fuerstenfeld"]
[Date "2005.03.19"]
[Round "10"]
[Board "1"]
[White "Gustafsson, Jan"]
[Black "Bischoff, Klaus"]
[Result "1/2-1/2"]
[WhiteElo "2616"]
[BlackElo "2555"]
[PlyCount "46"]

1.d4 g6 2.e4 d6 3.c4 Bg7 4.Nc3 c6 5.Be3 a6 6.Nf3 b5 7.a3 Nf6 8.h3 O-O 9.Rc1 Nbd7
10.Be2 bxc4 11.Bxc4 d5 12.exd5 Nb6 13.Bd3 cxd5 14.Ne5 Bb7 15.O-O Nfd7 16.Nxd7
Nxd7 17.Na4 e5 18.Be2 Re8 19.dxe5 Bxe5 20.Bf3 Qh4 21.b4 Rad8 22.Qd2 Bf6 23.Nc5
Nxc5

[Event "aut_chT04"]
[Site "Fuerstenfeld"]
[Date "2005.03.19"]
[Round "10"]
[Board "2"]
[White "Horvath, Jozsef"]
[Black "Atlas, Valery"]
[Result "1-0"]
[WhiteElo "2514"]
[BlackElo "2478"]
[PlyCount "93"]

1.d4 e6 2.c4 Nf6 3.g3 Bb4+ 4.Bd2 Be7 5.Bg2 d5 6.Nf3 c6 7.Qc2 O-O 8.O-O b6 9.b3
Bb7 10.Nc3 Nbd7 11.Rfd1 Rc8 12.e4 dxe4 13.Ng5 c5 14.dxc5 Nxc5 15.Ncxe4 Nfxe4
16.Nxe4 Bxe4 17.Bxe4 Nxe4 18.Qxe4 Bf6 19.Bc3 Qe7 20.Bxf6 gxf6 21.Rd4 Rfd8
22.Rad1 f5 23.Qd3 Rxd4 24.Qxd4 Rc7 25.Rd3 Rc8 26.a4 Rc7 27.Kf1 Rc8 28.Qd7 Rc7
29.Qxe7 Rxe7 30.Rd8+ Kg7 31.Ke2 Kf6 32.Kd3 e5 33.b4 Rc7 34.Rd6+ Ke7 35.Rd5 Rd7
36.Rxd7+ Kxd7 37.c5 bxc5 38.b5 Kc7 39.a5 a6 40.bxa6 Kb8 41.Kc4 f4 42.Kxc5 Ka7
43.Kd5 f6 44.gxf4 exf4 45.Ke4 Kxa6 46.Kxf4 Kxa5 47.Ke4

[Event "aut_chT04"]
[Site "Fuerstenfeld"]
[Date "2005.03.19"]
[Round "10"]
[Board "3"]
[White "Naumann, Alexander"]
[Black "Pilaj, Herwig"]
[Result "0-1"]
[WhiteElo "2538"]
[BlackElo "2426"]
[PlyCount "46"]

1.d4 d5 2.c4 c6 3.Nf3 Nf6 4.cxd5 cxd5 5.Nc3 Nc6 6.Bf4 a6 7.Rc1 e6 8.e3 Be7 9.Ne5
Nxe5 10.Bxe5 Bd7 11.Bd3 Bc6 12.Qf3 Qb6 13.O-O Qxb2 14.Qg3 O-O 15.f4 Rac8 16.Rc2
Qa3 17.f5 Bd7 18.Rfc1 Ba4 19.Nxa4 Rxc2 20.Rxc2 Qxd3 21.Rc1 Qa3 22.Rc7 Qxa4 23.h3
Qb4

[Event "aut_chT04"]
[Site "Fuerstenfeld"]
[Date "2005.03.19"]
[Round "10"]
[Board "4"]
[White "Hoelzl, Franz"]
[Black "Baramidze, David"]
[Result "0-1"]
[WhiteElo "2370"]
[BlackElo "2550"]
[PlyCount "86"]

1.c4 c5 2.Nc3 Nc6 3.Nf3 g6 4.e3 Nf6 5.d4 cxd4 6.exd4 d5 7.Bg5 Ne4 8.cxd5 Nxc3
9.bxc3 Qxd5 10.Be2 Bg4 11.Qb3 Qxb3 12.axb3 Bg7 13.O-O h6 14.Be3 O-O 15.h3 Be6
16.b4 a6 17.Rfd1 Bd5 18.Ne1 Rfd8 19.f4 e6 20.Kf2 Ne7 21.c4 Be4 22.Bf3 Bxf3
23.Nxf3 Rac8 24.Rac1 Rd7 25.Ke2 Nc6 26.d5 Nxb4 27.dxe6 Rxd1 28.Rxd1 fxe6 29.Rd7
Rxc4 30.Nd2 Rc2 31.Rxb7 Nd5 32.Ra7 Bc3 33.Ra8+ Kf7 34.Ra7+ Ke8 35.Kd3 Nb4+
36.Ke2 Ra2 37.f5 Bxd2 38.Bxd2 gxf5 39.h4 h5 40.g3 Nc6 41.Rh7 Ne5 42.Kd1 Nf7
43.Rxh5 Ra4

[Event "aut_chT04"]
[Site "Fuerstenfeld"]
[Date "2005.03.19"]
[Round "10"]
[Board "5"]
[White "Gaertner, Guntram"]
[Black "Moser, Guenter"]
[Result "1/2-1/2"]
[WhiteElo "2353"]
[BlackElo "2359"]
[PlyCount "26"]

1.d4 g6 2.c4 Bg7 3.Nc3 c5 4.d5 f5 5.e4 Bxc3+ 6.bxc3 fxe4 7.h4 Qa5 8.Qb3 d6 9.h5
gxh5 10.Rxh5 Nf6 11.Rh4 Nbd7 12.Ne2 Ne5 13.Ng3 Rg8

[Event "aut_chT04"]
[Site "Fuerstenfeld"]
[Date "2005.03.19"]
[Round "10"]
[Board "6"]
[White "Petschar, Kurt"]
[Black "Grabher, Heinz"]
[Result "1/2-1/2"]
[WhiteElo "2271"]
[BlackElo "2271"]
[PlyCount "35"]

1.e4 c5 2.Nf3 e6 3.c3 d5 4.exd5 Qxd5 5.d4 Nc6 6.Na3 Nf6 7.Be2 cxd4 8.Nb5 Qd8
9.Nbxd4 Nxd4 10.Qxd4 Qxd4 11.Nxd4 Bd7 12.Bf4 Bc5 13.Nb3 Bb6 14.Bf3 Bc6 15.Bxc6+
bxc6 16.Nd2 O-O-O 17.Nc4 Bc7 18.Bxc7

[Event "aut_chT04"]
[Site "Fuerstenfeld"]
[Date "2005.03.19"]
[Round "10"]
[Board "1"]
[White "Rotstein, Arkadij"]
[Black "Boensch, Uwe"]
[Result "1-0"]
[WhiteElo "2528"]
[BlackElo "2540"]
[PlyCount "63"]

1.c4 e6 2.g3 d5 3.Bg2 Nf6 4.Nf3 Be7 5.O-O O-O 6.d4 dxc4 7.Qc2 a6 8.Qxc4 b5 9.Qc2
Bb7 10.Bd2 Ra7 11.Rc1 Be4 12.Qb3 Nbd7 13.Ba5 Qb8 14.Qe3 b4 15.Nbd2 Ba8 16.Nb3
Rc8 17.Rc2 Be4 18.Ne5 Bxg2 19.Nxd7 Nxd7 20.Kxg2 Qb5 21.Rac1 c6 22.Qf3 Nb8 23.Rc4
Rd7 24.e3 Qa4 25.Qd1 Rd5 26.Bxb4 Bxb4 27.a3 Rb5 28.Ra1 Rb6 29.Qc2 c5 30.axb4
Qc6+ 31.Kg1 Qb7 32.Na5

[Event "aut_chT04"]
[Site "Fuerstenfeld"]
[Date "2005.03.19"]
[Round "10"]
[Board "2"]
[White "Schlosser, Philipp"]
[Black "Beim, Valeri"]
[Result "1/2-1/2"]
[WhiteElo "2570"]
[BlackElo "2512"]
[PlyCount "69"]

1.e4 d6 2.d4 Nf6 3.Nc3 e5 4.Nf3 Nbd7 5.Bc4 Be7 6.O-O O-O 7.Re1 c6 8.a4 b6 9.Bg5
Qc7 10.d5 Bb7 11.dxc6 Bxc6 12.Bb5 Rfe8 13.Bxc6 Qxc6 14.Qd3 h6 15.Bxf6 Nxf6
16.Nd2 Rac8 17.Rad1 Nd7 18.Nb3 Nf8 19.Re2 Ne6 20.Qb5 Red8 21.Nd5 Rd7 22.c3 Bg5
23.g3 h5 24.Kg2 Qxb5 25.axb5 Nc7 26.Nxc7 Rcxc7 27.Rd5 f6 28.Na1 Rc5 29.Rxc5 dxc5
30.Nc2 a6 31.bxa6 Ra7 32.Na3 Rxa6 33.Re1 Bd2 34.Ra1 b5 35.Rb1

[Event "aut_chT04"]
[Site "Fuerstenfeld"]
[Date "2005.03.19"]
[Round "10"]
[Board "3"]
[White "Balinov, Ilia"]
[Black "Kritz, Leonid"]
[Result "1/2-1/2"]
[WhiteElo "2372"]
[BlackElo "2547"]
[PlyCount "79"]

1.c4 e5 2.g3 Nf6 3.Bg2 d5 4.cxd5 Nxd5 5.Nf3 Nc6 6.O-O Nb6 7.d3 Be7 8.Nbd2 O-O
9.b3 f5 10.Bb2 Bf6 11.Rc1 Re8 12.Qc2 Be6 13.Qb1 Bf7 14.Rfe1 g5 15.Qa1 Qe7 16.d4
e4 17.Ne5 Bd5 18.Nxc6 Bxc6 19.e3 Bd5 20.f3 exf3 21.Nxf3 Rad8 22.Rc2 Be4 23.Rf2
Nd5 24.Ne5 Bxg2 25.Kxg2 Bxe5 26.dxe5 Qe6 27.Qb1 Rf8 28.e4 fxe4 29.Rxf8+ Rxf8
30.Qxe4 c6 31.Bc1 Rf5 32.Bd2 h6 33.h4 gxh4 34.Qxh4 Rxe5 35.Rxe5 Qxe5 36.Qxh6 Qb2
37.Kh3 Qxa2 38.Qe6+ Kg7 39.Bc3+ Nxc3 40.Qe7+

[Event "aut_chT04"]
[Site "Fuerstenfeld"]
[Date "2005.03.19"]
[Round "10"]
[Board "4"]
[White "Lehner, Oliver"]
[Black "Mahdy, Khaled"]
[Result "1/2-1/2"]
[WhiteElo "2406"]
[BlackElo "2383"]
[PlyCount "93"]

1.e4 e5 2.Nf3 Nc6 3.Bb5 a6 4.Ba4 Nf6 5.O-O Be7 6.Re1 b5 7.Bb3 d6 8.c3 O-O 9.h3
Nd7 10.d4 Bf6 11.a4 Rb8 12.axb5 axb5 13.d5 Ne7 14.Be3 Nc5 15.Bc2 c6 16.b4 Na6
17.dxc6 Nxc6 18.Bb3 Nc7 19.Re2 Qe7 20.Rd2 Rd8 21.Nh2 Be6 22.Bd5 Qe8 23.Na3 Bxd5
24.exd5 Ne7 25.Ng4 Bh4 26.Nc2 f5 27.Ra7 fxg4 28.Rxc7 gxh3 29.Qg4 Qg6 30.Qxg6
Nxg6 31.g3 Bf6 32.Na3 e4 33.Kh2 Ne5 34.Kxh3 Rd7 35.Rxd7 Nxd7 36.Rc2 Be5 37.c4
bxc4 38.Rxc4 Nf6 39.b5 Nxd5 40.Rxe4 Nxe3 41.Rxe3 Bd4 42.Rd3 Bxf2 43.Rxd6 Bc5
44.Rd3 Bxa3 45.Rxa3 Rxb5 46.Ra7 Rb4 47.g4

[Event "aut_chT04"]
[Site "Fuerstenfeld"]
[Date "2005.03.19"]
[Round "10"]
[Board "5"]
[White "Kilgus, Georg"]
[Black "Weinzettl, Ernst"]
[Result "1/2-1/2"]
[WhiteElo "2353"]
[BlackElo "2360"]
[PlyCount "76"]

1.d4 e6 2.c4 Nf6 3.Nf3 Bb4+ 4.Nbd2 b6 5.a3 Bxd2+ 6.Nxd2 Bb7 7.f3 Nh5 8.g3 f5
9.e3 O-O 10.Bg2 d6 11.O-O Nd7 12.b4 e5 13.dxe5 dxe5 14.Bb2 Qe7 15.Qc2 c5 16.b5
Rae8 17.Rae1 Nhf6 18.Bh3 g6 19.e4 fxe4 20.fxe4 Bc8 21.Nb1 Nb8 22.Bxc8 Rxc8
23.Nc3 Nh5 24.Nd5 Qe6 25.Qd2 Nd7 26.Qg5 Kg7 27.Qe7+ Qxe7 28.Nxe7 Rxf1+ 29.Rxf1
Re8 30.Nc6 Nhf6 31.Rd1 Kf7 32.Nxa7 Ke6 33.Re1 Ra8 34.Nc6 Ra4 35.Nd8+ Ke7 36.Nc6+
Ke6 37.Nd8+ Ke7 38.Nc6+ Ke6

[Event "aut_chT04"]
[Site "Fuerstenfeld"]
[Date "2005.03.19"]
[Round "10"]
[Board "6"]
[White "Kleissl, Helmut"]
[Black "Kleiser, Gregor"]
[Result "1-0"]
[WhiteElo "2334"]
[BlackElo "2262"]
[PlyCount "89"]

1.Nf3 Nf6 2.c4 c6 3.d4 d5 4.Nc3 g6 5.cxd5 cxd5 6.Bf4 Bg7 7.e3 O-O 8.h3 Qb6 9.Qd2
Bf5 10.Bd3 Bxd3 11.Qxd3 Rc8 12.Rb1 Nbd7 13.O-O e6 14.Ne5 Nxe5 15.Bxe5 Rc4 16.f4
Qc6 17.Bxf6 Bxf6 18.Nd1 Rc8 19.Nf2 Bg7 20.Ng4 f6 21.Qa3 Qb6 22.Qe7 R4c7 23.Qa3
Kf7 24.Rf2 Qb5 25.Rbf1 Bf8 26.Ne5+ Kg8 27.Qd3 Qa5 28.Ng4 f5 29.Ne5 Qxa2 30.g4
Bg7 31.gxf5 gxf5 32.Rg2 Kh8 33.Nf3 Bf6 34.Kh2 Qc4 35.Qd1 Qb5 36.Rfg1 Qd7 37.Qd2
Qf7 38.Qb4 Be7 39.Qb5 Bd6 40.Qa5 b6 41.Qa4 Qh5 42.Ng5 Qh6 43.Qc6 Qxg5 44.Qxd6
Qf6 45.Qxc7

[Event "aut_chT04"]
[Site "Fuerstenfeld"]
[Date "2005.03.19"]
[Round "10"]
[Board "2"]
[White "Tibensky, Robert"]
[Black "Hertneck, Gerald"]
[Result "1/2-1/2"]
[WhiteElo "2442"]
[BlackElo "2547"]
[PlyCount "121"]

1.d4 Nf6 2.Nf3 e6 3.e3 b6 4.Bd3 Bb7 5.O-O c5 6.c4 d6 7.Nc3 Nbd7 8.b3 Be7 9.Bb2
cxd4 10.exd4 d5 11.Qe2 O-O 12.Rfd1 Qb8 13.Ne5 Rd8 14.Rac1 dxc4 15.Bxc4 Nf8 16.f4
Nd5 17.Rf1 g6 18.Ne4 f6 19.Nd3 a6 20.b4 Ra7 21.h4 Bc6 22.h5 Qa8 23.hxg6 hxg6
24.Rce1 Bb5 25.Bxb5 axb5 26.a3 Rc7 27.g4 Qc8 28.Rf2 f5 29.Ng5 Bf6 30.Rg2 Nc3
31.Bxc3 Rxc3 32.Ne5 Bxg5 33.gxf5 Rc1 34.Rxg5 Qc3 35.Rxc1 Qxc1+ 36.Qf1 Qxf1+
37.Kxf1 exf5 38.Nxg6 Ne6 39.Rxf5 Nxd4 40.Rd5 Rxd5 41.Ne7+ Kf7 42.Nxd5 Nc2 43.Ke2
Nxa3 44.f5 Nc4 45.Kf3 Ne5+ 46.Ke4 Nc6 47.Kf4 Kg7 48.Kg5 Kf7 49.Kg4 Kg7 50.Kf4
Kh6 51.Kg4 Ne5+ 52.Kf4 Nc6 53.Ke4 Kg7 54.Kf3 Kh6 55.Kf4 Kg7 56.Kg5 Kf7 57.f6 Nd4
58.Nxb6 Ne6+ 59.Kf5 Nd4+ 60.Ke4 Nc6 61.Nd5

[Event "aut_chT04"]
[Site "Fuerstenfeld"]
[Date "2005.03.19"]
[Round "10"]
[Board "3"]
[White "Zelcic, Robert"]
[Black "Ganaus, Hannes"]
[Result "1/2-1/2"]
[WhiteElo "2514"]
[BlackElo "2315"]
[PlyCount "78"]

1.e4 e6 2.d4 d5 3.Nc3 Bb4 4.e5 c5 5.dxc5 Ne7 6.Nf3 Nbc6 7.Bd3 Bxc5 8.O-O a6
9.Bf4 h6 10.h4 Qc7 11.h5 g5 12.hxg6 fxg6 13.a3 g5 14.Bh2 O-O 15.Qd2 Rxf3 16.gxf3
Nd4 17.Kg2 Bd7 18.f4 Rf8 19.Ne2 Ndf5 20.Kh1 Bc6 21.f3 Be3 22.Qe1 d4 23.fxg5 hxg5
24.c3 Nh4 25.Nxd4 Bxd4 26.cxd4 Nxf3 27.Rxf3 Rxf3 28.Be4 Rd3 29.Kg1 Rxd4 30.Bxc6
Qxc6 31.Qg3 g4 32.Qe3 Nf5 33.Qg5+ Kf7 34.Rf1 Ke8 35.Rc1 Rc4 36.Rd1 Qb6+ 37.Kh1
Qc6+ 38.Kg1 Qb6+ 39.Kh1 Qc6+

[Event "aut_chT04"]
[Site "Fuerstenfeld"]
[Date "2005.03.19"]
[Round "10"]
[Board "4"]
[White "Franzen, Jozef"]
[Black "Klinger, Josef"]
[Result "0-1"]
[WhiteElo "2390"]
[BlackElo "2442"]
[PlyCount "114"]

1.Nf3 c5 2.g3 Nf6 3.Bg2 e6 4.O-O Be7 5.b3 O-O 6.Bb2 d5 7.c4 d4 8.e3 Nc6 9.exd4
cxd4 10.Re1 Qb6 11.d3 Nd7 12.Na3 e5 13.Nc2 Qc7 14.Rb1 a5 15.a3 Nb6 16.Bc1 Bg4
17.Bd2 f5 18.h3 Bh5 19.b4 axb4 20.axb4 Rae8 21.b5 Nd8 22.Ba5 Bc5 23.Qd2 Bxf3
24.Bxf3 e4 25.Bxb6 Qxb6 26.dxe4 d3 27.Ne3 fxe4 28.Bg2 Qd6 29.Rf1 Nf7 30.h4 Qg6
31.Kh1 Ne5 32.Rbe1 Ng4 33.Nxg4 Qxg4 34.Kh2 Qf5 35.Bh3 Qf7 36.f3 Qxc4 37.fxe4 Bb4
38.Rxf8+ Rxf8 39.Be6+ Qxe6 40.Qxb4 Qa2+ 41.Kh3 Rf2 42.Qe7 d2 43.Rd1 h6 44.Qe8+
Kh7 45.h5 Qb3 46.Qg6+ Kg8 47.Qg4 Qxb5 48.Ra1 Rf8 49.Rd1 Rd8 50.Kg2 Qd7 51.Qe2
Qd3 52.Qg4 b5 53.Kh3 Qd7 54.e5 Qxg4+ 55.Kxg4 b4 56.e6 b3 57.Kf3 Kf8

[Event "aut_chT04"]
[Site "Fuerstenfeld"]
[Date "2005.03.19"]
[Round "10"]
[Board "5"]
[White "Lendwai, Reinhard"]
[Black "Wallner, Joachim"]
[Result "1-0"]
[WhiteElo "2412"]
[BlackElo "2278"]
[PlyCount "65"]

1.c4 Nf6 2.Nc3 e6 3.d4 d5 4.cxd5 exd5 5.Bg5 Be7 6.e3 c6 7.Qc2 O-O 8.Bd3 Nbd7
9.Nge2 Re8 10.O-O h6 11.Bh4 Ne4 12.Bxe7 Qxe7 13.Bxe4 dxe4 14.Ng3 Nf6 15.Rae1 Be6
16.b3 Bd5 17.f3 Rac8 18.Qf2 exf3 19.gxf3 Be6 20.Rd1 Nd5 21.Nxd5 cxd5 22.e4 Bh3
23.Rfe1 Qd6 24.Kh1 dxe4 25.fxe4 Qg6 26.Re3 Qg5 27.Rg1 Qh4 28.Rf3 Rxe4 29.Nxe4
Qxe4 30.Qg3 g5 31.Re1 Qd5 32.Qxh3 Rc3 33.Ref1

[Event "aut_chT04"]
[Site "Fuerstenfeld"]
[Date "2005.03.19"]
[Round "10"]
[Board "6"]
[White "Fusi, Christoph"]
[Black "Danner, Georg"]
[Result "0-1"]
[WhiteElo "2219"]
[BlackElo "2435"]
[PlyCount "132"]

1.e4 c5 2.Nf3 d6 3.d4 cxd4 4.Nxd4 Nf6 5.Nc3 Nc6 6.Be2 e5 7.Nb3 Be7 8.O-O O-O
9.f4 a5 10.a4 Nb4 11.Bf3 Be6 12.Be3 exf4 13.Bxf4 Nxc2 14.Qxc2 Qb6+ 15.Rf2 Bxb3
16.Qd3 Rac8 17.Be3 Qb4 18.Bd4 Be6 19.Rd1 Nd7 20.Qb5 Ne5 21.Be2 Bb3 22.Nd5 Bxd5
23.Qxd5 Rc2 24.Bc3 Qb6 25.Qd4 Qxd4 26.Bxd4 Rfc8 27.Bf1 Rc1 28.Rxc1 Rxc1 29.Bxe5
dxe5 30.Rf3 Bc5+ 31.Kh1 g6 32.g3 Kg7 33.b3 h5 34.Kg2 f6 35.h3 Rc2+ 36.Kh1 Rc1
37.Kg2 g5 38.g4 Rc2+ 39.Kh1 h4 40.Bc4 Bd4 41.Rf1 b6 42.Rf3 Rc1+ 43.Rf1 Rc3
44.Kg2 Rg3+ 45.Kh2 Re3 46.Bd5 Rd3 47.Bc4 Rd2+ 48.Kh1 Bf2 49.Rc1 Kf8 50.Bf1 Bc5
51.Bc4 Ke7 52.Bf1 Rd4 53.Rc4 Rd1 54.Kg2 Rd2+ 55.Kh1 Rf2 56.Rc1 Rf3 57.Rb1 Re3
58.Bg2 Bb4 59.Kg1 Kd6 60.Rd1+ Kc5 61.Rb1 Bc3 62.Bf1 Rxe4 63.Bc4 Re3 64.Kg2 e4
65.Rd1 Rg3+ 66.Kh2 Be5

[Event "aut_chT04"]
[Site "Fuerstenfeld"]
[Date "2005.03.19"]
[Round "10"]
[Board "1"]
[White "Baklan, Vladimir"]
[Black "Ruck, Robert"]
[Result "1-0"]
[WhiteElo "2578"]
[BlackElo "2554"]
[PlyCount "51"]

1.e4 c5 2.Nf3 d6 3.d4 cxd4 4.Nxd4 Nf6 5.Nc3 a6 6.Be3 Ng4 7.Bg5 h6 8.Bh4 g5 9.Bg3
Bg7 10.h3 Nf6 11.Bc4 Qb6 12.O-O O-O 13.Nde2 Qxb2 14.Bb3 Qa3 15.f4 Nc6 16.Kh1 Nh5
17.Qd3 Qc5 18.Nd5 Nxg3+ 19.Qxg3 e6 20.fxg5 hxg5 21.Qxg5 exd5 22.Nf4 Qd4 23.Nh5
Kh8 24.exd5 Nb8 25.Rae1 Rg8 26.Nf6

[Event "aut_chT04"]
[Site "Fuerstenfeld"]
[Date "2005.03.19"]
[Round "10"]
[Board "2"]
[White "Ribli, Zoltan"]
[Black "Kindermann, Stefan"]
[Result "1/2-1/2"]
[WhiteElo "2603"]
[BlackElo "2536"]
[PlyCount "30"]

1.d4 d5 2.c4 c6 3.Nf3 Nf6 4.e3 a6 5.Nbd2 Bf5 6.Qb3 Qc7 7.Bd3 Bxd3 8.Qxd3 e6
9.O-O Be7 10.b3 O-O 11.Bb2 Nbd7 12.e4 dxe4 13.Nxe4 Nxe4 14.Qxe4 Bf6 15.Rac1 Rfd8

[Event "aut_chT04"]
[Site "Fuerstenfeld"]
[Date "2005.03.19"]
[Round "10"]
[Board "3"]
[White "Kosten, Anthony C."]
[Black "Stohl, Igor"]
[Result "1/2-1/2"]
[WhiteElo "2527"]
[BlackElo "2554"]
[PlyCount "69"]

1.Nf3 Nf6 2.c4 e6 3.d4 d5 4.Nc3 Be7 5.Bg5 O-O 6.e3 h6 7.Bxf6 Bxf6 8.Rc1 c6 9.Bd3
Nd7 10.O-O dxc4 11.Bxc4 e5 12.h3 exd4 13.exd4 Re8 14.Qb3 Rf8 15.Qc2 Re8 16.Rfe1
Nf8 17.Rxe8 Qxe8 18.Re1 Be6 19.d5 cxd5 20.Nxd5 Qd8 21.Qe4 Rb8 22.b4 b6 23.Bb3
Rc8 24.Rd1 Bxd5 25.Bxd5 Qc7 26.Bb3 g6 27.g3 Kg7 28.Kg2 Qe7 29.Qf4 Ne6 30.Qe4 Nf8
31.Qg4 Rd8 32.Rxd8 Qxd8 33.h4 Qd7 34.Qe4 Qe7 35.Qd5

[Event "aut_chT04"]
[Site "Fuerstenfeld"]
[Date "2005.03.19"]
[Round "10"]
[Board "4"]
[White "Brestian, Egon"]
[Black "Freitag, Manfred"]
[Result "1/2-1/2"]
[WhiteElo "2415"]
[BlackElo "2396"]
[PlyCount "80"]

1.d4 Nf6 2.Nf3 g6 3.c4 Bg7 4.g3 O-O 5.Bg2 d6 6.Nc3 Nbd7 7.O-O e5 8.e3 Re8 9.a4
exd4 10.exd4 a5 11.b3 Nb8 12.Bb2 Nc6 13.Qd2 Bf5 14.Nh4 Bd7 15.Rfe1 h6 16.Rxe8+
Nxe8 17.Nf3 Bg4 18.Nd5 Nf6 19.h3 Nxd5 20.hxg4 Nf6 21.Nh2 d5 22.g5 hxg5 23.Qxg5
Nb4 24.Bc3 Ne4 25.Qxd8+ Rxd8 26.Bxb4 axb4 27.cxd5 Nxg3 28.Nf3 Ne2+ 29.Kf1 Nf4
30.Rc1 Nxd5 31.Rc4 c6 32.Ne5 Nf4 33.Bf3 Bxe5 34.dxe5 Nd3 35.Be2 c5 36.Bxd3 Rxd3
37.Rxc5 Rxb3 38.Rb5 Rb2 39.Rxb7 b3 40.Kg2 Ra2

[Event "aut_chT04"]
[Site "Fuerstenfeld"]
[Date "2005.03.19"]
[Round "10"]
[Board "6"]
[White "Bawart, Markus"]
[Black "Wittmann, Walter"]
[Result "1/2-1/2"]
[WhiteElo "2355"]
[BlackElo "2386"]
[PlyCount "34"]

1.Nf3 Nf6 2.g3 g6 3.Bg2 Bg7 4.O-O O-O 5.d4 d5 6.Nbd2 Nc6 7.c3 Re8 8.b4 a6 9.Nb3
Ne4 10.Qc2 Bf5 11.Qb2 e5 12.a4 Nd6 13.Bg5 f6 14.Bc1 Nc4 15.Qa2 e4 16.Nfd2 Nxd2
17.Bxd2 b6

[Event "aut_chT04"]
[Site "Fuerstenfeld"]
[Date "2005.03.20"]
[Round "11"]
[Board "1"]
[White "Ruck, Robert"]
[Black "Pinter, Jozsef"]
[Result "1/2-1/2"]
[WhiteElo "2554"]
[BlackElo "2535"]
[PlyCount "38"]

1.Nf3 Nf6 2.c4 e6 3.Nc3 d5 4.d4 c5 5.cxd5 Nxd5 6.e4 Nxc3 7.bxc3 cxd4 8.cxd4 Nc6
9.Bc4 Bb4+ 10.Bd2 Bxd2+ 11.Qxd2 O-O 12.O-O Na5 13.Bd3 b6 14.Rad1 Bb7 15.Rfe1 Rc8
16.Qf4 Qf6 17.Qg4 Qg6 18.Qf4 Qf6 19.Qg4 Qg6